|
|
|
|
| LEADER |
01768nam a2200385 i 4500 |
| 001 |
EBC5522650 |
| 003 |
MiAaPQ |
| 005 |
20200520144314.0 |
| 006 |
m o d | |
| 007 |
cr cnu|||||||| |
| 008 |
181013s2018 enk o 000 0 eng d |
| 020 |
|
|
|z 9781787692923
|
| 020 |
|
|
|a 9781787692916 (e-book)
|
| 035 |
|
|
|a (MiAaPQ)EBC5522650
|
| 035 |
|
|
|a (Au-PeEL)EBL5522650
|
| 035 |
|
|
|a (OCoLC)1055049155
|
| 040 |
|
|
|a MiAaPQ
|b eng
|e rda
|e pn
|c MiAaPQ
|d MiAaPQ
|
| 050 |
|
4 |
|a HD59
|b .P835 2018
|
| 082 |
0 |
|
|a 659.2
|2 23
|
| 245 |
0 |
0 |
|a Public relations and the power of creativity :
|b strategic opportunities, innovation and critical challenges /
|c edited by Sarah Bowman [and three others].
|
| 264 |
|
1 |
|a Bingley, UK :
|b Emerald Publishing,
|c 2018.
|
| 300 |
|
|
|a 1 online resource (250 pages).
|
| 336 |
|
|
|a text
|b txt
|2 rdacontent
|
| 337 |
|
|
|a computer
|b c
|2 rdamedia
|
| 338 |
|
|
|a online resource
|b cr
|2 rdacarrier
|
| 490 |
0 |
|
|a Advances in Public Relations and Communication Management ;
|v Volume 3
|
| 588 |
|
|
|a Description based on print version record.
|
| 590 |
|
|
|a Electronic reproduction. Ann Arbor, MI : ProQuest, 2018. Available via World Wide Web. Access may be limited to ProQuest affiliated libraries.
|
| 650 |
|
0 |
|a Public relations.
|
| 650 |
|
0 |
|a Industries
|x Social aspects.
|
| 655 |
|
4 |
|a Electronic books.
|
| 700 |
1 |
|
|a Bowman, Sarah,
|e editor.
|
| 776 |
0 |
8 |
|i Print version:
|t Public relations and the power of creativity : strategic opportunities, innovation and critical challenges.
|d Bingley, UK : Emerald Publishing, c2018
|h 250 pages
|k Advances in Public Relations and Communication Management ; Volume 3
|z 9781787692923
|
| 797 |
2 |
|
|a ProQuest (Firm)
|
| 856 |
4 |
0 |
|u https://ebookcentral.proquest.com/lib/matrademy/detail.action?docID=5522650
|z Click to View
|